Přehled norem a předpisů ze životního prostředí. Část 1. Vodní hospodářství /

Hlavní autor: Šilar, Jiří, 1921-
Další autoři: Houska, Lubomír, 1933-, Lukeš, Vladimír
Jazyk: Čeština
Vydáno: Praha : Ministerstvo výstavby a techniky ČSR, 1974
Edice: Rada pro životní prostředí při vládě ČSR.
Fyzický popis: 221 s.
Knihy
Uloženo v:
LEADER 01171nam a22002892a 4500
001 000150407
003 CZ BrMZK
005 20140214134033.0
007 ta
008 950101s1974 xr f cze d
015 |a cnb000467005 
035 |a (OCoLC)42088221 
040 |a BOA001  |b cze 
100 1 |a Šilar, Jiří,  |d 1921-  |7 jk01122905  |4 aut 
245 1 0 |a Přehled norem a předpisů ze životního prostředí.  |n Část 1.  |p Vodní hospodářství /  |c Autoři : Jiří Šilar (vedoucí kolektivu), Lubomír Houska, Vladimír Lukeš 
246 3 0 |a Vodní hospodářství 
260 |a Praha :  |b Ministerstvo výstavby a techniky ČSR,  |c 1974 
300 |a 221 s. 
490 1 |a Rada pro životní prostředí při vládě ČST. Informační publikace ;  |v sv. 5, roč. 4/1974 
504 |a Obsahuje bibliografii 
700 1 |a Houska, Lubomír,  |d 1933-  |7 xx0033239  |4 aut 
700 1 |a Lukeš, Vladimír  |4 aut 
830 0 |a Rada pro životní prostředí při vládě ČSR.  |t Informační publikace 
910 |a BOA001  |b 2-0734.826,1 
990 |a BK 
991 |b 201210 
996 7 |b 2619789001  |c 2-0734.826,1  |l Sklad H1  |r Sklad / do 24 hodin  |n 1  |h HS212  |w 000150407  |u 000010  |a 1  |e BOA001  |j MZK50  |s A